| 000 | 00930nam a22002417a 4500 | ||
|---|---|---|---|
| 005 | 20170816153832.0 | ||
| 010 | _aBAC-CH25 | ||
| 020 |
_a9788183630931 _c325.00 |
||
| 035 | _aB-560435-470 | ||
| 035 | _aG-003399 | ||
| 035 | _aB-665037 | ||
| 037 |
_adpl _bBlue Berry /Ven |
||
| 037 | _bReceived from DB Act Children Books | ||
| 082 | _a751.422 | ||
| 100 | _aKeshaw Kumar | ||
| 245 |
_aThe complete book of water colour / _cby Keshaw Kumar |
||
| 260 |
_aNew Delhi _bAdarsh Enterprises _c2012 |
||
| 270 |
_a4396/4, Tulsidas Street, Ansari Road, Daryaganj _bNew Delhi _e110002 |
||
| 300 |
_a123p.: _bcol.ill _c27cm(pbk) |
||
| 942 |
_2ddc _cCH _mKES _h751.422 |
||
| 999 |
_c86925 _d86925 |
||